| 000 | 00395nam a2200169Ia 4500 | ||
|---|---|---|---|
| 005 | 20251217150324.0 | ||
| 008 | 230314s9999 xx 000 0 und d | ||
| 020 | _a978-81-312-5812-6 | ||
| 041 | _aeng | ||
| 082 | _a610.73/SKI/B09341 | ||
| 100 |
_aSkidmore Linda _9215877 |
||
| 245 | _aMosbys Nursing Drug Reference | ||
| 260 | _bMosby | ||
| 300 | _a1447p | ||
| 906 | _bGNM | ||
| 942 | _cBK | ||
| 999 |
_c142329 _d142329 |
||